| 000 | 00751cam a22002411 4500 | ||
|---|---|---|---|
| 999 |
_c130119 _d130119 |
||
| 001 | 7425651 | ||
| 003 | ARRUPE | ||
| 005 | 20191204113637.0 | ||
| 008 | 741028s1950 xx 000 0 eng | ||
| 010 | _a 50004249 | ||
| 035 | _a(OCoLC)1058194 | ||
| 040 |
_aDLC _cOKentU _dDLC |
||
| 042 | _apremarc | ||
| 050 | 0 | 0 |
_aZ733.W3 _bK5 |
| 082 | _a026.82233 | ||
| 100 | 1 |
_aKing, Stanley, _d1883- _948896 |
|
| 245 | 1 | 0 |
_aRecollections of the Folger Shakespeare Library. _cStanley King |
| 260 |
_a[Ithaca] _bPublished for the Trustees of Amherst College [by] Cornell University Press _c[1950] |
||
| 300 |
_a44 p. _c23 cm. |
||
| 610 | 2 | 0 |
_aFolger Shakespeare Library _948897 |
| 906 |
_a7 _bcbc _coclcrpl _du _encip _f19 _gy-gencatlg |
||
| 942 |
_2lcc _cMONOGRAPH |
||